[Event "CAN-ch"]
[Site "Kingston"]
[Date "2022.04.14"]
[Round "3.7"]
[White "Nicula, Marius"]
[Black "Chiku-Ratte, Olivier-Kenta"]
[Result "1-0"]
[WhiteElo "2186"]
[BlackElo "2364"]
[Annotator "John Upper"]
[PlyCount "69"]
[EventDate "2022.04.13"]
[EventType "swiss"]
[EventRounds "9"]
[EventCountry "CAN"]
[SourceTitle "Chess Canada Tactiosauru"]
[Source "CFC/John Upper"]
[SourceDate "2023.03.11"]
[SourceVersion "1"]
[SourceVersionDate "2023.03.11"]
[SourceQuality "1"]

1. Nf3 Nf6 2. g3 b5 3. Bg2 Bb7 4. d4 e6 5. O-O Be7 6. Bg5 h6 7. Bxf6 Bxf6 8.
Qd3 {[%mdl 32832] [#]Critical Position ...a6, ...b4, or ...00?} O-O $4 {
[%mdl 8196] Maybe expecting 9.Qxb5? Ba6 =/+} ({Actually, Qxb5 isn't much of a
threat, e.g.} 8... g6 9. Qxb5 $2 Ba6 {and Black trades the b-pawn for White's
e-pawn.}) (8... b4 $6 {just gives White a hook and makes it easier to find
squares for the Ns; e.g.} 9. a3 a5 10. Nbd2 c5 $5 11. dxc5 Bxb2 $2 (11... Na6
$1) 12. Nc4 $1 $16) (8... a6 $142 9. c3 {and Nbd2 and a later a4. White has an
easy game, and Black's B pair won't last after White moves the Nf3.}) 9. Ng5 $1
$18 {A stock tactic in g3 vs b6 openings.} (9. Qxb5 $2 Ba6 $15) 9... Bxg5 10.
Bxb7 Nc6 11. Bxa8 Qxa8 $18 {White is up a full exchange and gave Black
absolutely no chances.} 12. c3 Qb7 13. Nd2 d5 14. f4 Be7 15. e4 $18 dxe4 16.
Qxe4 Qb6 17. Nf3 Bf6 18. Rf2 Ne7 19. a4 b4 20. Ne5 Rd8 21. a5 Qb5 22. a6 c6 23.
Qd3 Qb6 24. Ng4 Nd5 25. Ne3 bxc3 26. Nxd5 Rxd5 27. bxc3 c5 28. Rb1 Qc6 29. Rb8+
Bd8 30. Qb5 Qxb5 31. Rxb5 Bb6 32. Ra2 cxd4 33. Rxb6 d3 34. Rb8+ Kh7 35. Rd2 1-0

[Event "CAN-ch"]
[Site "Kingston"]
[Date "2022.04.15"]
[Round "4.21"]
[White "Demchenko, Svitlana"]
[Black "Ouellet, Maili Jade"]
[Result "0-1"]
[WhiteElo "2079"]
[BlackElo "2179"]
[Annotator "John Upper"]
[PlyCount "114"]
[EventDate "2022.04.13"]
[EventType "swiss"]
[EventRounds "9"]
[EventCountry "CAN"]
[SourceTitle "Chess Canada Tactiosauru"]
[Source "CFC/John Upper"]
[SourceDate "2023.03.11"]
[SourceVersion "1"]
[SourceVersionDate "2023.03.11"]
[SourceQuality "1"]

{[%mdl 8192][%evp 0,114,41,13,65,50,67,36,29,17,17,17,34,5,-1,-4,1,10,2,-13,
-13,-12,-22,-28,-6,0,16,17,0,-15,-11,10,62,5,61,0,14,-19,-4,-30,-22,-23,-15,
-38,10,9,133,125,148,1,4,22,22,18,34,-11,12,15,38,37,75,56,46,46,100,2,-8,0,0,
-11,-11,-123,-11,-31,-38,-67,-53,-44,-58,-54,-35,-46,19,11,29,0,-1,-22,32,34,
32,32,58,45,94,-12,0,-136,-150,-168,-135,-331,-327,-327,-330,-487,-543,-575,
-588,-588,-326,-586,-713,-1031,-952,-2141,-1851]} 1. e4 c6 2. Nf3 d5 3. exd5
cxd5 4. Ne5 Nf6 5. d4 g6 6. Bd3 (6. Bb5+ Bd7 7. Be2 $5 $14 {keeps the Q
looking up the d-file, so that if ...Nc6xe5 the d5-pawn hangs.}) 6... Bg7 7. c3
O-O 8. O-O Nc6 {[#]} 9. f4 {Supports the Ne5, but permanently concedes e4 and
prevents pieces from using f4.} (9. Qe2 Nxe5 10. dxe5 Nd7 11. Bf4 (11. f4)) (9.
Re1 Nxe5 $1 (9... Bf5 10. Bxf5 gxf5 11. Bf4 e6 12. Nd2 Ne7 13. Bg5 $14 {
1-0 (39) Karjakin,S (2752)-Jobava,B (2603) Chess.com INT 2020}) 10. dxe5 Ng4
11. Bf4 (11. e6 $6 Bxe6 12. Rxe6 Nxf2 $1 $15) 11... Qc7 (11... f6 12. exf6 Nxf2
$1 $15 {N}) 12. Qf3 Nxe5 13. Qxd5 Rd8 14. Bxe5 Rxd5 15. Bxc7 Rxd3 $15 {(0-1,
55) Diamant,A (2547)-Tari,A (2635) PRO League (rapid), 2020.} 16. Na3) 9... Bf5
$1 10. Bxf5 gxf5 11. Nd2 e6 {[#]  Black has an unassailable outpost on e4 and
the Bc1's best hope is to go to h4 and trade itself, which is why Black's
broken pawn structure is nothing to complain about. But imagine White gets
outposts on f6 and g7. 1-0, right?} 12. Rf3 (12. Ndf3 Ne4 13. Be3 Kh8 14. Qe1
Nxe5 15. fxe5 Rg8 16. Kh1 {[#]Analysis Diagram} f6 $11 {This concedes an
outpost on e5, but gets Black more kingside space, and opens the 7th rank for
defence of h7, and with the N embedded on e4 there is no way the "half open"
e-file can be used by White's majors to attack e6.} 17. Bf4 fxe5 18. Nxe5 Qe7
19. Rf3 Bf6 20. Rh3 $14 Bg5 21. Qe3 Bxf4 22. Qxf4 Rg5 23. Qh4 Rag8 $11 24. Rg1
Qg7 (24... Rg4 $4 {does not set up a smothered mate:} 25. Nxg4 Qxh4 26. Rxh4 {
the Ng4 stops the smothered mate} Rxg4 27. g3 $8 $18) 25. Qf4 Rg4 $2 26. Nxg4
fxg4 27. Re3 Rf8 28. Rxe4 $8 dxe4 $4 (28... Rxf4 29. Rxf4 $14) 29. Qxe4 g3 30.
Re1 gxh2 31. Qxe6 Rf6 32. Qc8+ Rf8 33. Re8 Kg8 {(1-0, 33) Boskovic,D (2453)
-Abdrlauf,E (2338) Chess.com Titled Tuesday, 2021.}) 12... Ne7 13. Rh3 Ng6 14.
Nf1 Qc7 15. Ng3 Rfe8 16. Be3 (16. Nh5 Ne4 $11) 16... Rac8 17. Qe2 Nf8 18. Kh1 (
18. Nh5 Ne4 19. Nxg7 Kxg7 20. Qh5 f6 $15) 18... Re7 19. Rg1 Ne4 20. Nh5 {
[#] Threatening Nxg7 then g4, opening the g-file with a tempo on the K.} f6 $1
{Kicks the Ne5 and puts the R and Q in touch with g7 and h7.} 21. Nd3 Ng6 22.
g4 Nd6 $6 (22... Qc4 $142 23. gxf5 exf5 {Black gets worse pawns but play on
the e-file.}) (22... fxg4 23. Qxg4 f5 24. Qg2 $16) 23. g5 $1 $16 {[#] Black
has a choice of evils.} fxg5 $5 {gives Whit a chance to go wrong.} (23... Ne4
24. gxf6 Bxf6 25. Ne5 $16) 24. Rxg5 $2 (24. fxg5 $142 $18 {blocks the g-file,
but threatening Nf6+ and freeing f4 are more than worth it.}) 24... Ne4 25. Rg2
Qc4 26. a3 Rf8 27. Bf2 Rff7 28. Qe1 Kf8 $1 29. Bh4 Rc7 30. Ne5 Bxe5 31. fxe5
Ke8 32. Bf6 {Please take me! Almost everything Black has is out of the B's
reach on light squares.} Kd7 $1 33. Rf3 Kc6 34. h4 b6 {[%mdl 32832] [#]
Critical Position What happens if ...Ng7?} 35. Ng7 $4 {Threatens Nxe6, winning.
} (35. Bg5 $142 $11) 35... Nf8 $2 $11 {Misses a winning chance.} (35... Rxg7
$142 $19 36. Bxg7 Rxg7 37. h5 {The pin seems to simply cost Black a piece.
This must be what both players saw -- and misevaluated. In fact, Black is
better here, both tactically and positionally.} Nh4 (37... Nxe5 $5 {might be
better, it is certainly more complicated:} 38. dxe5 Rg5 $1 39. Rh3 f4 $1 $19) (
{Black's position is good enough that she can give the Ng6 for a P and still
be more than fine:} 37... Qa4 $5 38. hxg6 hxg6 $17 {and the Ne4 and two passed
pawns are more than enough comp for the exchange.}) 38. Qxh4 (38. Rxg7 Nxf3 $19
) 38... Rxg2 39. Kxg2 Qe2+ 40. Rf2 Nxf2 41. Qxf2 Qxh5 $1 $17) 36. h5 Kb7 37.
Qh4 Qa4 38. Rf1 Qc6 39. h6 {[#] White has secured outposts on f6 and g7...} Ka6
{... but the black K is on the other edge of the board.} (39... Ng6 $5 40. Rxg6
$2 hxg6 41. h7 Rf8 42. h8=Q (42. Rf3 Rh8 {and the Ng7 can't move without
allowing ...Rxh7-+.}) 42... Rxh8 43. Qxh8 Ng3+ $19) 40. Rf3 Qd7 41. Nh5 Qa4 42.
Rf1 Qb5 43. Rfg1 Qd3 44. Nf4 Qf3 45. Kh2 Rc8 46. Bg7 {[#] It looks like White
has been trying to duplicate a similar maneuver from a 2015 Anand-Carlsen game,
where Carlsen used his B to block the defence of White's a2 pawn. Unlike that
game, here the center is closed, making the h7 pawn safer.} Rc6 $6 (46... Ng6
$5 {This looks insane: giving White a pawn and making the h6 pawn unstoppable.
But if Black can trade the Nf4 then she has such a strong attack that White's
h-pawn is barely enough to stay in the game.} 47. Nxg6 (47. Rxg6 $5 hxg6 48.
Nxe6 f4 49. Ng5 (49. Bf6 $5) (49. h7 Rf5 $1 $19) 49... Nxg5 50. Rxg5 Qe4 51.
Bf6 {The computer prefers Black, but only if you can find this:} Rg8 $3 {
defending g6 and preparing ...Rh7, so} 52. h7 f3 $8 $19 {trading Qs to win
White's h-pawn!}) 47... hxg6 48. Rxg6 Nd2 $1 $132 {for example, if White just
pushes Black wins:} 49. h7 $2 f4 $1 50. h8=Q Rxh8 $8 51. Qxh8 {the most
testing.} (51. Bxh8 Qe2+ 52. R6g2 Nf3+ 53. Kh1 (53. Kh3 Qe3 $19) 53... Qe4 $1
$19 {threatening everything and ...Rh7.}) 51... Rf5 $8 52. R6g5 Rxg5 53. Rxg5
Qf1 $1 54. Rg2 {Only good defence to ...Nf3#.} ({Chasing the K doesn't help} 
54. Qc8+ Ka5 55. b4+ Ka4 56. Qd7+ Kb3 {and White still hasn't dealt with his K
and the Pf4.}) 54... Nf3+ 55. Kh3 Ne1 $19) 47. Rc2 $2 (47. Bxf8 $1 {clears the
g-file and gets rid of a defender of e6 and h7, at the small cost of a
redundant dark square attacker.} Rxf8 48. Rg7 $16 Nd2 $5 (48... Nxc3 $2 {
is nothing:} 49. bxc3 Rxc3 50. Qg3 $18) 49. Rxh7 $2 (49. R1g2 $142 $1 $16)
49... Rcc8 50. Rgg7 Rh8 {amazingly, Black has enough counterplay for equality!}
) 47... Nd7 48. Nh5 $2 {The N was well placed where it was -- attacking d6,
defending many squares, and blocking the f5 pawn -- and risks being stranded
here. The notes to move 46 show just how much play Black gets by pushing ...f4
that it's worth sacing the h7 pawn. Here, White gives up f4 for free.} (48.
Rcc1 $142 {to play Rcf1, kicking out the Q and freeing the white Q from
defending the N.}) (48. Rcg2 {looks natural, but what can White do with the
g-file?}) 48... f4 $1 {[#] Black siezes her chance: stranding the Nh5 and
creating threats to the white K.} 49. Qg4 $4 (49. Qh3 $142 {is White's only
good move. It actually does force off the Qs, but critically improves the
white K's position.} Qxh3+ $1 (49... Qe3 $2 50. Qxe3 fxe3 51. Re2 Rf2+ 52. Rg2
$16) 50. Kxh3 Rf5 51. Kh4 $8 $15) 49... Qd3 $1 $19 (49... Qxg4 $2 50. Rxg4 f3
51. Kg1 $11) 50. Qe2 (50. Rcc1 {saves the R and controls the back rank, but
after} f3 {Black's QR and advanced pawn are too much to cope with; e.g.} 51.
Rgf1 (51. Ng3 $2 Qd2+ $19 {and a N fork on f2.}) (51. Rgd1 Qe2+ $19) 51... Rf5
$1 {Threatening ...Rxh5+, which deflects the Q from defending g2, so ...Qe2-g2
will be mate.} 52. Nf6 Qd2+ 53. Kh3 (53. Kg1 Rg5 $19) 53... Ng5+ $19) 50...
Qxe2+ 51. Rxe2 {[#]} Rf5 $1 $19 {This does more than win the pawn that White
has to give up to save the Nh5.} 52. Nf6 Ndxf6 53. exf6 f3 $1 {Attacking g2
completes the mating net: Black is threatening the Re2 and ...Rh5 mate!} 54.
Rxe4 (54. Rc2 $4 Rh5#) 54... dxe4 55. f7 Rxf7 56. Kg3 e3 57. Be5 f2 0-1

[Event "CAN-ch"]
[Site "Kingston"]
[Date "2022.04.15"]
[Round "5.3"]
[White "Dorrance, Adam"]
[Black "Zhang, Yuanchen"]
[Result "1/2-1/2"]
[WhiteElo "2260"]
[BlackElo "2330"]
[Annotator "John Upper"]
[PlyCount "56"]
[EventDate "2022.04.13"]
[EventType "swiss"]
[EventRounds "9"]
[EventCountry "CAN"]
[SourceTitle "Chess Canada Tactiosauru"]
[Source "CFC/John Upper"]
[SourceDate "2023.03.11"]
[SourceVersion "1"]
[SourceVersionDate "2023.03.11"]
[SourceQuality "1"]

{[%evp 0,56,19,31,14,-14,-11,-21,-23,-23,-7,-13,-2,9,7,-36,-26,-13,6,16,31,7,
37,29,40,32,40,28,57,21,18,16,19,0,0,-42,114,37,28,0,0,0,0,0,0,0,0,0,0,0,0,0,0,
0,0,0,0,0,0]} 1. d4 Nf6 2. c4 e6 3. g3 d5 4. Bg2 dxc4 5. Nf3 Bd7 6. Ne5 Bc6 7.
Nxc6 Nxc6 8. e3 Qd7 9. O-O O-O-O 10. Qe2 Nd5 11. Qxc4 h5 12. Nc3 h4 13. Bd2 {
[#] This does not look like the kind of position most Catalan players are
hoping for after move 3.g3.} hxg3 (13... f5 14. Rac1 g5 $1 15. e4 $6 Nb6 $17
16. Qd3 hxg3 17. fxg3 $6 {Analysis Diagram [#]} Ne5 $1 $19 (17... Bc5 $2 18.
Nb5 $1 $13 Bxd4+ 19. Nxd4 Qxd4+ 20. Qxd4 Nxd4 21. Rf2 $11 {(0-1, 40) Xu,X 
(2571)-Erigaisi,A (2681) Chess.com Rapid, 2022.}) 18. Qe2 (18. Qe3 Nbc4 $19 (
18... Ng4 $19)) 18... Qxd4+ 19. Be3 Qxe3+ $3 $19 20. Qxe3 Ng4 21. Qxg5 Bc5+ $19
{Black's B wins a R or two by attacking the dark squares.}) 14. hxg3 f5 15.
Rfc1 g5 16. Qa4 Kb8 17. Rab1 (17. Nxd5 $142 exd5 18. Rc2 $13) 17... Bd6 $5 $146
(17... Nb6 $142 $17) (17... Bg7 18. b4 Nxc3 $2 19. Bxc3 (19. Rxc3 $142 $18)
19... Ne7 20. b5 Nd5 $15 {(0-1, 36) Lou,Y (2484)-Li,Y (2435) Tianjin, 2018.})
18. Nxd5 exd5 19. Bxd5 f4 {[%mdl 32832] [#] Critical Position [hard] Attack
with Qb5, defend with exf4, or something else?} ({That the computer likes} 
19... Bxg3 $5 20. Bxc6 $8 $13 {gives some idea of Black's attacking chances in
this line.}) 20. Qb5 $4 {This looks like a clean winner: the N can't go
anywhere safe, and if it stays where it is White wins it with R takes. But...}
(20. exf4 $142 gxf4 21. Qb3 $8 fxg3 22. Bxc6 $8 gxf2+ 23. Kf1 $8 Qc8 $8 $13 {
White is up a piece, but SF15 rates it as slightly better for Black. White's
main problem is that Black's f2 pawn is the only thing that is keeping him
from getting mated, but if it stays there then ...Rh2 and ...Rg8 will win.
White's main defence is to give the piece back with Qxb7 before Black's
counterattack wins.}) (20. Qb3 $142 $5 {Analysis Diagram [#]  Black could step
out of the pin on the b-file with ...Ka8, but who could resist this:} Bb4 $3 {
Fantastic tactics! Blocking the pin on b7 while creating a double attack on
the Bd5. The main point is that it seems to simply lose a piece to} 21. Bxc6 $2
{but now Black actually wins with} (21. Bxb4 $142 Qxd5 $11 (21... Qg4 $5 $13))
21... bxc6 $8 22. Qxb4+ Ka8 $1 {After which White is up a piece, but gets
mated on his hopelessly weak light squares, e.g.} 23. Qc4 $1 (23. gxf4 Qg4+ {
and ...Rh1#.}) (23. Kf1 f3 $19 {and ...Rh1 again.}) (23. exf4 Qd5 24. Kf1 Qf3 {
and mates.}) 23... f3 $8 24. Qxc6+ ({White has no time to plug the h-file with
Bxg5-h4:} 24. e4 Rh1+ $1 $19) 24... Qxc6 25. Rxc6 Rd7 $1 $19 {and doubles Rs
to mate on the h-file.}) 20... fxg3 $1 ({The computer move} 20... a6 $3 {
apparently also wins after} 21. Qb3 ({or} 21. Bxc6 Rh1+ $1 {now that the LSB
has been lured into a pin on c6!}) 21... Ka7 $1) 21. Bxc6 {White wins the
piece, but} Rh1+ $3 $19 {[#] This position was being shown full screen on the
DGT projector, and a lot of players in the hall turned to were watching it,
rather than their own games. It's much trickier than it looks.} 22. Kg2 {[#]} (
{The Bc6 is pinned to the Q, so} 22. Bxh1 $2 Qxb5 $19) (22. Kxh1 {shows a
standard mating pattern:} Qh3+ 23. Kg1 Qh2+ 24. Kf1 Qxf2#) 22... Qh3+ $2 {
Second best, but only good enough for a draw.} (22... Rh2+ $8 $19 23. Kf1 $1 {
Analysis Diagram [#]  the best try, and probably what stumped Black} ({The
other K runs lose trivially:} 23. Kg1 $2 gxf2+ $1 24. Kf1 Qh3+ 25. Ke2 f1=Q#) (
23. Kf3 $2 Rxf2+ 24. Ke4 Qh7+ 25. Kd5 Rf5+ $19 {leaves Black up a QP for RB,
but with a monster pawn on g3.}) 23... Qc8 $3 $19 {A move that retreats to
defend in the middle of an attack is something Tal would find, but thinking
this might be Black's best move would be enough for most players to stop
calcuating this variation on the grounds that "White must have some way out".
In fact, despite the fact that the Q retreat is purely defensive, White has no
way to cope with Black's second rook joining a winning attack from f8 or h8.
For example:} ({The direct attacking continuations do not win:} 23... g2+ $4
24. Ke2 $18 g1=N+ $5 (24... Qg4+ $2 25. Bf3 $18) 25. Rxg1 Qxc6 26. Qxc6 bxc6
27. Rxg5 $18 {with two extra passed pawns.}) (23... Qh3+ $2 24. Ke2 $8 Rxf2+
25. Kd3 $8 Qc8 $1 (25... Qf5+ $2 26. Qxf5 Rxf5 27. Be4 $18 {with an extra
piece.}) 26. Be4 $18) (23... Rxf2+ $2 24. Kg1 Qc8 $8 25. Be1 $15 {is clearly
worse than the main line.}) 24. Bg2 (24. fxg3 $2 Rxd2 $19 {regains the piece
with more open lines to attack.}) (24. Be1 gxf2 25. Bxf2 Bg3 $1 $19) 24... Rdh8
$1 {threatening ...Rxg2+ then ...Qh3.} 25. Qd5 Rxg2 $1 26. Qxg2 (26. Kxg2 Qh3+
27. Kf3 Qh5+ $8 $19 {wins now.} 28. Ke4 Qh7+ 29. Kf3 Rf8+ 30. Ke2 Rxf2+ 31. Kd1
Qd3 32. Qg8+ Bf8 $19 {#2}) 26... Rh2 $1 $19 {White might bail to a materially
equalish ending with fxg3, but his exposed K and Black's g-pawn mean 0-1.}) 23.
Kf3 Qh5+ $8 24. Ke4 $8 (24. Kg2 $4 Rh2+ $19) 24... Qh7+ 25. Kd5 $1 (25. Kf3 $4
Rf8+ {forces mate.}) 25... Qf7+ 26. Ke4 Qh7+ 27. Kd5 Qf7+ 28. Ke4 Qh7+ 1/2-1/2